Research Methodology in Agriculture : (Record no. 601580)

MARC details
000 -LEADER
fixed length control field 00443nam a2200181 a 4500
008 - FIXED-LENGTH DATA ELEMENTS--GENERAL INFORMATION
fixed length control field 251208s2009##################000#0#eng##
020 ## - INTERNATIONAL STANDARD BOOK NUMBER
ISBN 9788131305713
082 04 - DEWEY DECIMAL CLASSIFICATION NUMBER
Classification number 630.95412
Item number SIN
100 1# - MAIN ENTRY--AUTHOR NAME
Personal name Singh, Sita Ram,
245 10 - TITLE STATEMENT
Title Research Methodology in Agriculture :
260 ## - PUBLICATION, DISTRIBUTION, ETC. (IMPRINT)
Year of publication 2009.
650 #0 - SUBJECT ADDED ENTRY--TOPICAL TERM
Topical Term Agriculture.
942 ## - ADDED ENTRY ELEMENTS (KOHA)
Koha item type English Books
Holdings
Withdrawn status Lost status Damaged status Not for loan Home library Current library Shelving location Date acquired Full call number Accession Number Price effective from Koha item type
        Anna Centenary Library Anna Centenary Library 6TH FLOOR, A WING 08.12.2025 630.95412 SIN 369206 08.12.2025 English Books

Find us on the map